| 000 | 00446nam a2200157Ia 4500 | ||
|---|---|---|---|
| 020 | _a0 13 601531 4 | ||
| 082 | _a343.7304072 KAR | ||
| 100 |
_aKarlin, Barbara H. _9145 |
||
| 245 | _aTax Research | ||
| 250 | _a4th ed. | ||
| 260 |
_aUpper Saddle River, NJ: _bPearson Education _c2009 |
||
| 300 |
_axi, 541p.: _bill.;26cm. |
||
| 500 | _aIncludes index | ||
| 650 |
_aTaxation--Law and legislation--United States--Legal Research _9146 |
||
| 942 | _cBK | ||
| 999 |
_c21465 _d21465 |
||